| 000 | 01392nam a22002057a 4500 | ||
|---|---|---|---|
| 003 | OSt | ||
| 005 | 20260422153703.0 | ||
| 008 | 260422b |||||||| |||| 00| 0 eng d | ||
| 020 | _a9789354403798 | ||
| 040 | _cAACR-II | ||
| 082 | _aDOS F | ||
| 100 |
_aDostoevsky, Fyodor _911742 |
||
| 245 | _aCrime and punishment | ||
| 260 |
_aNew Delhi _bFingerprint; Classics _c2025 |
||
| 300 | _a568 p. | ||
| 520 | _aThis is an exquisite hardbound edition of Fyodor Dostoevsky’s masterpiece—Crime and Punishment. It first appeared in instalments in Russian Messenger in 1866. By this time, Dostoevsky had been orphaned, imprisoned, almost died, lost his wife and his brother. He was also neck-deep in debt. From such a man came the story of the psychological impact of committing a crime. In this book, Raskolnikov murders an old, evil pawnbroker. Good riddance, according to him, since the woman was an oppressor of the weak, and this act allowed him to solve his own financial problems. Yet, it is a crime, and the guilt begins gnaw at him inside, even though he considers himself to be an ‘extraordinary person’ whose actions are above the law. This edition, with gilded edges and beautiful endpapers, is perfect for gifting and will prove to be a valuable addition to any library. | ||
| 650 |
_aFiction _918902 |
||
| 700 |
_aTranslated by Garnett, Constance _918903 |
||
| 942 |
_2ddc _cB |
||
| 999 |
_c360769 _d360769 |
||